| 000 | 00000nam 2200000za 4500 |
| 001 | 9.852552 |
| 003 | CaOODSP |
| 005 | 20221107154618 |
| 007 | cr ||||||||||| |
| 008 | 180227s2018 onc #o f000 0 fre d |
| 020 | |a978-0-660-25439-5 |
| 040 | |aCaOODSP|bfre |
| 043 | |an-cn--- |
| 086 | 1 |aM164-14/2018F-PDF |
| 245 | 00|aProgramme des énergies renouvelables émergentes |h[ressource électronique] : |bguide du demandeur. |
| 260 | |a[Ottawa?] : |bRessources naturelles Canada, |c2018. |
| 300 | |ai, 19 p. |
| 500 | |aTitre pris sur la couv. |
| 500 | |aPubl. aussi en anglais sous le titre : Emerging Renewable Power Program : applicant guide. |
| 520 | |a« Ressources naturelles Canada offre un financement pour des projets énergétiques qui font appel à de nouvelles technologies de production d’électricité renouvelable qui ont été largement déployées à l’étranger, mais qui ne se sont pas encore taillé une place au Canada, ou qui ont été éprouvées avec succès au pays et sont maintenant prêtes à être commercialisées. Ce programme de 200 millions de dollars vise à réduire les obstacles qui ont empêché le déploiement commercial de ces nouvelles technologies tout en augmentant la capacité électrique renouvelable des technologies utilisant de nouvelles sources d’énergie renouvelable » -- Introduction, p. 1. |
| 692 | 07|2gccst|aÉnergie renouvelable |
| 692 | 07|2gccst|aInnovation technologique |
| 692 | 07|2gccst|aProgramme fédéral |
| 710 | 1 |aCanada. |bRessources naturelles Canada. |
| 775 | 08|tEmerging Renewable Power Program |w(CaOODSP)9.852550 |
| 856 | 40|qPDF|s663 Ko|uhttps://publications.gc.ca/collections/collection_2018/rncan-nrcan/M164-14-2018-fra.pdf |